000 00312nam a22001457a 4500
008 210511b ||||| |||| 00| 0 eng d
020 _a9780872204645
041 _aeng
080 _22nd
_a101
082 _a101
100 _a24
101 _aFIL
245 _aNichomachean Ethics
_cIrwin,E
942 _2udc
_cBK
999 _c57242
_d57242